000 00541nam a2200193Ia 4500
999 _c14696
_d14696
003 OSt
005 20201027115356.0
008 190216s9999||||xx |||||||||||||| ||und||
020 _a9780226065588
040 _coclc
082 _a808.3
_bBOO/R
100 _aBooth, Wayne C
_95570
245 4 _aThe Rhetoric Of Fiction /
_cWayne C Booth
250 _a2nd Ed.
260 _bThe University Of Chicago Press ,
_c1983.
_aLondon:
300 _a552p
650 _aEnglish
942 _cBK
_2ddc
_h808.3
_iBOO/R
_k808.3
_mBOO/R